000 01534nam a22002417a 4500
999 _c59653
_d59653
003 Ge_BSU
005 20230329115425.0
008 230329s2014 ge ||||| |||| 00| 0 geo d
041 _ageo
080 _a364 ს-36
245 _aსახელმძღვანელო კურსისთვის :
_bსოციალური მუშაობა სისხლის სამართლის მართლმსაჯულების სფეროში /
_cავტორები: ენდრიუ ბერნჰარდტი, ანტონ ქელბაქიანი, სალომე ნამიჭეიშვილი, რანდელ ბაროუზი და სხვ.; რედ. ნინო ჯავახიშვილი.
264 _aთბილისი,
_c2014.
300 _a198 გვ.;
_b30 სმ.
501 _aდანართი გვ. 195-198
653 _a სოციალური მუშაობა
653 _aსამართალი
700 _aბერნჰარდტი, ენდრიუ
_eავტორი
_917322
700 _aქელბაქიანი, ანტონ
_eავტორი
_917323
700 _a ნამიჭეიშვილი, სალომე
_eავტორი
_917324
700 _aრანდელ ბაროუზი და სხვ.
_eავტორი
_917325
700 _aჯავახიშვილი, ნინო
_eრედაქტორი
_96695
942 _2udc
_cBK